[Event "COL-ch Superate Intercol U18"]
[Site "Barranquilla"]
[Date "2018.11.28"]
[Round "7.3"]
[White "Londono Castrillon, Neider Farid"]
[Black "Espitia Mercado, Alfredo"]
[Result "1-0"]
[WhiteElo "1838"]
[BlackElo "1728"]
[PlyCount "69"]
[EventDate "2018.11.28"]
[EventType "swiss (blitz)"]
[EventRounds "12"]
[EventCountry "COL"]
[SourceTitle "EXT 2024"]
[Source "ChessBase"]
[SourceDate "2023.10.10"]
[SourceVersion "1"]
[SourceVersionDate "2023.10.10"]
[SourceQuality "1"]

1. e4 e5 2. Nf3 Nc6 3. d4 exd4 4. Nxd4 d6 5. Bc4 Be7 6. Nc3 Nf6 7. 0-0 0-0 8. h3 Bd7 9. Kh1 Na5 10. Be2 Be6 11. f4 Bc4 12. Bxc4 Nxc4 13. g4 h6 14. Nf5 Kh8 15. Qd4 Nb6 16. Rg1 c5 17. Qf2 d5 18. e5 Ne4 19. Nxe4 dxe4 20. Be3 Nd7 21. Rad1 Qe8 22. Qg2 Kh7 23. Qxe4 g6 24. Ng3 Nb6 25. Qxb7 Bh4 26. Bxc5 Rg8 27. Qe4 Bxg3 28. Rxg3 Qe6 29. b3 Nd7 30. Rd6 Qe8 31. Bg1 Rc8 32. c4 f5 33. gxf5 gxf5 34. Qxf5+ Kh8 35. Rxh6# 1-0

[Event "COL-ch Superate Intercol U18"]
[Site "Barranquilla"]
[Date "2018.11.28"]
[Round "1.6"]
[White "Mosquera Orjuela, Johan Esteban"]
[Black "Espitia Mercado, Alfredo"]
[Result "0-1"]
[WhiteElo "1531"]
[BlackElo "1728"]
[PlyCount "152"]
[EventDate "2018.11.28"]
[EventType "swiss (blitz)"]
[EventRounds "12"]
[EventCountry "COL"]
[SourceTitle "EXT 2024"]
[Source "ChessBase"]
[SourceDate "2023.10.10"]
[SourceVersion "1"]
[SourceVersionDate "2023.10.10"]
[SourceQuality "1"]

1. c4 e5 2. g3 Nc6 3. Bg2 d6 4. Nc3 Bd7 5. Nf3 Nf6 6. 0-0 Qc8 7. d3 Bh3 8. a3 Bxg2 9. Kxg2 Be7 10. b4 a6 11. Be3 0-0 12. h3 h6 13. Qd2 Nh7 14. Rfe1 Qd8 15. Rad1 Ng5 16. Nxg5 Bxg5 17. Bxg5 Qxg5 18. Qxg5 hxg5 19. Nd5 Rac8 20. e3 Rfe8 21. b5 axb5 22. cxb5 Ne7 23. Nxe7+ Rxe7 24. Rc1 c6 25. a4 Rec7 26. bxc6 Rxc6 27. Ra1 Rc2 28. Reb1 R8c7 29. a5 Rd2 30. Rd1 Rcc2 31. Rxd2 Rxd2 32. Rb1 Rxd3 33. Rxb7 Rd5 34. a6 Ra5 35. Rb6 d5 36. Kf3 f6 37. g4 Kf7 38. Rb7+ Kg6 39. a7 d4 40. Ke4 Ra4 41. Kd3 Kh7 42. Kc2 dxe3 43. fxe3 Kh6 44. Kb3 Ra1 45. Kb4 Rb1+ 46. Ka5 Rxb7 47. Ka6 Rb1 48. e4 Kg6 49. a8Q Ra1+ 50. Kb7 Rxa8 51. Kxa8 Kf7 52. Kb7 Ke6 53. Kc6 g6 54. Kc5 f5 55. exf5+ gxf5 56. Kc4 f4 57. Kd3 Kd5 58. h4 gxh4 59. g5 Ke6 60. Ke4 h3 61. Kf3 Kf5 62. g6 Kxg6 63. Ke4 h2 64. Kxe5 h1Q 65. Kxf4 Qd5 66. Ke3 Qc4 67. Kf3 Kf5 68. Ke3 Qe4+ 69. Kd2 Qf3 70. Kc2 Qd5 71. Kc3 Ke4 72. Kb4 Qc6 73. Kb3 Kd4 74. Kb4 Qb6+ 75. Ka3 Kc3 76. Ka2 Qb2# 0-1

[Event "COL-ch U18 rap"]
[Site "Barranquilla"]
[Date "2018.11.27"]
[Round "1"]
[White "Cuevas Sanchez, Bramdon Daniel"]
[Black "Espitia Mercado, Alfredo"]
[Result "1/2-1/2"]
[WhiteElo "1787"]
[BlackElo "1798"]
[PlyCount "108"]
[EventDate "2018.11.27"]
[EventType "swiss (rapid)"]
[EventRounds "6"]
[EventCountry "COL"]
[SourceTitle "CBM 187 Extra"]
[Source "ChessBase"]
[SourceDate "2018.11.04"]
[SourceVersion "1"]
[SourceVersionDate "2018.11.04"]
[SourceQuality "1"]

1. e4 e5 2. Nf3 Nc6 3. Bb5 d6 4. c3 Bd7 5. 0-0 Nf6 6. d4 exd4 7. cxd4 Be7 8. Nc3 a6 9. Ba4 0-0 10. a3 h6 11. Qd3 Bg4 12. Be3 Bh5 13. h3 Bg6 14. Nd2 b5 15. Bb3 Na5 16. Ba2 c5 17. f4 cxd4 18. Bxd4 Nc6 19. f5 Bh7 20. Nf3 Nh5 21. Nd5 Nf6 22. Rac1 Rc8 23. Rfd1 Nxd5 24. Bxd5 Nxd4 25. Nxd4 Bf6 26. Rxc8 Qxc8 27. Nc6 Re8 28. b4 Qc7 29. Rd2 Kf8 30. Rc2 Qb6+ 31. Kh1 Bg8 32. Bb3 Be5 33. Nxe5 dxe5 34. Rc5 f6 35. Bxg8 Kxg8 36. Qc2 Qb7 37. Rc7 Qb6 38. Qc6 Qb8 39. Qd5+ Kh8 40. Qd7 Rg8 41. Rb7 Qa8 42. Kh2 Kh7 43. h4 a5 44. Qxb5 axb4 45. Qxb4 Qa6 46. Qb3 Qe2 47. Rb4 Rd8 48. Qf3 Qa6 49. Rb3 Qa4 50. Kh3 Qc4 51. Rc3 Qd4 52. Rb3 Qc4 53. Rc3 Qd4 54. Rb3 Qc4 1/2-1/2

[Event "COL-ch U18 rap"]
[Site "Barranquilla"]
[Date "2018.11.27"]
[Round "5"]
[White "Espitia Mercado, Alfredo"]
[Black "Perea Erazo, Janyert Julian"]
[Result "0-1"]
[WhiteElo "1798"]
[BlackElo "1590"]
[PlyCount "86"]
[EventDate "2018.11.27"]
[EventType "swiss (rapid)"]
[EventRounds "6"]
[EventCountry "COL"]
[SourceTitle "CBM 187 Extra"]
[Source "ChessBase"]
[SourceDate "2018.11.04"]
[SourceVersion "1"]
[SourceVersionDate "2018.11.04"]
[SourceQuality "1"]

1. e4 c5 2. Nf3 g6 3. Nc3 Bg7 4. d3 Nc6 5. Bd2 d6 6. Be2 Nf6 7. Qc1 h5 8. h3 Bd7 9. Be3 0-0 10. Bh6 Nd4 11. Bxg7 Kxg7 12. Nxd4 cxd4 13. Nd1 Rc8 14. Qd2 e5 15. c3 Qb6 16. 0-0 d5 17. exd5 Nxd5 18. c4 Nf4 19. Bf3 Bf5 20. Be2 Qf6 21. Kh2 Qg5 22. g3 Nxh3 23. Qxg5 Nxg5 24. b3 Bg4 25. f3 Bf5 26. Nf2 b5 27. Ne4 Bxe4 28. fxe4 bxc4 29. bxc4 Rb8 30. Rab1 Ne6 31. Kg2 Nc5 32. Rfd1 Na4 33. Rb3 Nc3 34. Rd2 Rxb3 35. axb3 Rb8 36. Bd1 Nxd1 37. Rxd1 Rxb3 38. Kf2 a5 39. Ke2 Kf6 40. Ra1 Rb2+ 41. Kf3 Rd2 42. Ra3 g5 43. c5 g4# 0-1

[Event "COL-ch U18"]
[Site "Barranquilla"]
[Date "2018.11.25"]
[Round "3"]
[White "Nino Jimenez, Jesus Antonio"]
[Black "Espitia Mercado, Alfredo"]
[Result "1/2-1/2"]
[WhiteElo "1586"]
[BlackElo "1798"]
[PlyCount "68"]
[EventDate "2018.11.24"]
[EventType "swiss"]
[EventRounds "7"]
[EventCountry "COL"]
[SourceTitle "CBM 187 Extra"]
[Source "ChessBase"]
[SourceDate "2018.11.04"]
[SourceVersion "1"]
[SourceVersionDate "2018.11.04"]
[SourceQuality "1"]

1. e4 e5 2. Nf3 d6 3. d4 exd4 4. Nxd4 Nf6 5. Nc3 Bd7 6. Bd3 Be7 7. Be3 Nc6 8. Qd2 Nxd4 9. Bxd4 Bc6 10. a3 Qd7 11. 0-0-0 0-0-0 12. f3 Rhg8 13. Kb1 h6 14. Rhe1 Kb8 15. e5 Nd5 16. Nxd5 Bxd5 17. Qa5 c5 18. exd6 Bxd6 19. Bxc5 Bxc5 20. Qxc5 Be6 21. Be2 Qc7 22. Qxc7+ Kxc7 23. Rxd8 Rxd8 24. Rd1 Rxd1+ 25. Bxd1 Kd6 26. Kc1 g5 27. g3 Ke5 28. Kd2 f5 29. c3 Bd5 30. b4 b5 31. Be2 a6 32. Bd1 Bc4 33. Be2 Bd5 34. Bd1 Bc4 1/2-1/2

[Event "COL-chT"]
[Site "Ibague"]
[Date "2017.07.20"]
[Round "3.3"]
[White "Espitia Mercado, Alfredo"]
[Black "Gomez Cordoba, William Alexander"]
[Result "0-1"]
[WhiteElo "1565"]
[BlackElo "1600"]
[PlyCount "45"]
[EventDate "2017.07.19"]
[EventType "team-swiss"]
[EventRounds "6"]
[EventCountry "COL"]
[SourceTitle "CBM 179 Extra"]
[Source "ChessBase"]
[SourceDate "2017.08.23"]
[SourceVersion "1"]
[SourceVersionDate "2017.08.23"]
[SourceQuality "1"]
[WhiteTeam "Cordoba"]
[BlackTeam "Fuerzas Armadas"]
[WhiteTeamCountry "COL"]
[BlackTeamCountry "COL"]

1. e4 e5 2. Nf3 Nc6 3. d4 exd4 4. Nxd4 Nf6 5. Nf5 d5 6. exd5 Bxf5 7. dxc6 Qxd1+ 8. Kxd1 bxc6 9. Bd3 Bxd3 10. cxd3 Rd8 11. Kc2 Rd7 12. Nc3 Bd6 13. h3 0-0 14. Be3 a6 15. Ne4 Nxe4 16. dxe4 Re7 17. f3 f5 18. Bg5 Re5 19. Bf4 Rc5+ 20. Kb3 Bxf4 21. exf5 Rb8+ 22. Ka3 Bd6 23. b4 0-1

[Event "Bogota Superate Intercol Adv"]
[Site "Bogota"]
[Date "2014.10.24"]
[Round "6.7"]
[White "Cuevas Sanchez, Bramdon Daniel"]
[Black "Espitia Mercado, Alfredo"]
[Result "1-0"]
[WhiteElo "1648"]
[BlackElo "1546"]
[PlyCount "81"]
[EventDate "2014.10.24"]
[EventType "swiss (blitz)"]
[EventRounds "8"]
[EventCountry "COL"]
[SourceTitle "EXT 2024"]
[Source "ChessBase"]
[SourceDate "2023.10.10"]
[SourceVersion "1"]
[SourceVersionDate "2023.10.10"]
[SourceQuality "1"]

1. e4 e5 2. Nf3 Nc6 3. Bb5 d6 4. c3 Nf6 5. d3 Be7 6. 0-0 0-0 7. h3 Bd7 8. Re1 a6 9. Ba4 Rb8 10. Bb3 h6 11. d4 exd4 12. cxd4 Na7 13. Bf4 Nb5 14. Qd3 Qc8 15. Kh2 Na7 16. Bc2 g6 17. Bxh6 Re8 18. Nbd2 Bf8 19. Bxf8 Kxf8 20. Nf1 Kg7 21. Rad1 b6 22. e5 dxe5 23. dxe5 Nh7 24. Qxd7 Qxd7 25. Rxd7 Rbc8 26. Bb3 Rf8 27. e6 Nf6 28. Rxf7+ Rxf7 29. exf7 c5 30. Be6 Rd8 31. Ne3 Nb5 32. Ng4 Nxg4+ 33. hxg4 Nc7 34. Ng5 Kh6 35. f4 Rf8 36. Re3 Kg7 37. Rh3 Kf6 38. Nh7+ Kg7 39. Nxf8 Kxf8 40. Rh8+ Ke7 41. f8Q+ 1-0

[Event "Bogota Superate Intercol Adv"]
[Site "Bogota"]
[Date "2014.10.24"]
[Round "3.9"]
[White "Espitia Mercado, Alfredo"]
[Black "Cabrera, Alexis Jr"]
[Result "1-0"]
[WhiteElo "1546"]
[BlackElo "1503"]
[PlyCount "99"]
[EventDate "2014.10.24"]
[EventType "swiss (blitz)"]
[EventRounds "8"]
[EventCountry "COL"]
[SourceTitle "EXT 2024"]
[Source "ChessBase"]
[SourceDate "2023.10.10"]
[SourceVersion "1"]
[SourceVersionDate "2023.10.10"]
[SourceQuality "1"]

1. e4 e5 2. Nf3 Nc6 3. Nc3 Nf6 4. Bb5 a6 5. Bxc6 dxc6 6. 0-0 Bd6 7. d3 h6 8. h3 0-0 9. Bd2 b5 10. a3 a5 11. Ne2 Nh5 12. Re1 Qf6 13. Ng3 Qg6 14. Nxh5 Qxh5 15. Nh2 Qxd1 16. Rexd1 Be6 17. Nf3 c5 18. b3 b4 19. axb4 axb4 20. Kf1 Rfd8 21. Be3 c6 22. Nd2 f6 23. Nc4 Rxa1 24. Rxa1 Bxc4 25. dxc4 Kh7 26. Ke2 Kg6 27. Rd1 f5 28. Bxc5 fxe4 29. Rxd6+ Rxd6 30. Bxd6 Kf5 31. Ke3 g5 32. g4+ Ke6 33. Bxb4 Kd7 34. Bf8 Ke6 35. Bxh6 Kf7 36. Bxg5 Kg6 37. h4 Kh7 38. Bf6 Kg6 39. Bxe5 Kh7 40. Kxe4 Kg6 41. h5+ Kg5 42. Bf4+ Kf6 43. g5+ Kg7 44. Kf5 Kh7 45. g6+ Kg7 46. h6+ Kh8 47. Kf6 Kg8 48. h7+ Kh8 49. Bh6 c5 50. Bg7# 1-0

[Event "Bogota Superate Intercol Adv"]
[Site "Bogota"]
[Date "2014.10.24"]
[Round "7.7"]
[White "Espitia Mercado, Alfredo"]
[Black "Delgado, Gilbert Joaquin"]
[Result "0-1"]
[WhiteElo "1546"]
[BlackElo "1570"]
[PlyCount "89"]
[EventDate "2014.10.24"]
[EventType "swiss (blitz)"]
[EventRounds "8"]
[EventCountry "COL"]
[SourceTitle "EXT 2024"]
[Source "ChessBase"]
[SourceDate "2023.10.10"]
[SourceVersion "1"]
[SourceVersionDate "2023.10.10"]
[SourceQuality "1"]

1. e4 c5 2. Nf3 d6 3. d4 cxd4 4. Nxd4 Nf6 5. Nc3 a6 6. Bg5 Nc6 7. Bxf6 gxf6 8. Be2 Bg7 9. 0-0 Rg8 10. Bf3 Qd7 11. g3 e6 12. Bg2 f5 13. exf5 Nxd4 14. f6 Bxf6 15. Ne4 Bh8 16. c3 Nc6 17. Nxd6+ Kf8 18. Ne4 Qxd1 19. Raxd1 Ke7 20. Rd2 b5 21. Rfd1 Rd8 22. Rxd8 Nxd8 23. Ng5 Rb8 24. Ne4 Bb7 25. Nc5 Bxg2 26. Kxg2 Rb6 27. Rd7+ Ke8 28. Rd1 Rc6 29. Ne4 f5 30. Ng5 h6 31. Nf3 Ke7 32. Re1 Nf7 33. Rd1 Nd6 34. Nd4 Rc7 35. Re1 Bxd4 36. cxd4 Rc2 37. d5 Ne4 38. Kh3 exd5 39. f3 Rxb2 40. fxe4 fxe4 41. Ra1 e3 42. Re1 d4 43. g4 Rxa2 44. Kg3 e2 45. Kf3 0-1

[Event "Bogota Superate Intercol"]
[Site "Bogota"]
[Date "2014.10.22"]
[Round "4.9"]
[White "Montenegro, Juan Pablo"]
[Black "Espitia Mercado, Alfredo"]
[Result "1/2-1/2"]
[WhiteElo "1327"]
[BlackElo "1546"]
[PlyCount "117"]
[EventDate "2014.10.21"]
[EventType "swiss"]
[EventRounds "5"]
[EventCountry "COL"]
[SourceTitle "EXT 2024"]
[Source "ChessBase"]
[SourceDate "2023.10.10"]
[SourceVersion "1"]
[SourceVersionDate "2023.10.10"]
[SourceQuality "1"]

1. e4 e5 2. Nf3 Nc6 3. Bc4 Be7 4. d3 d6 5. Nc3 Nf6 6. Be3 0-0 7. h3 Na5 8. Bb3 Nxb3 9. axb3 Bd7 10. Bxa7 b6 11. Ra2 Qc8 12. g4 h6 13. d4 Rd8 14. d5 Qb7 15. Qa1 g6 16. b4 Kg7 17. b5 Nh7 18. Ke2 Ng5 19. h4 Nxf3 20. Kxf3 Qc8 21. Qg1 Rf8 22. b3 Qb7 23. Qa1 f6 24. h5 g5 25. Kg3 Qc8 26. f3 Qe8 27. Rf1 Bxb5 28. Rf2 Bd7 29. Ne2 Qc8 30. c4 Qb7 31. Nc3 c6 32. Rfc2 Rfc8 33. Rc1 Rc7 34. Bxb6 Rxa2 35. Qxa2 Qxb6 36. dxc6 Bxc6 37. Qb2 Ra7 38. Rc2 Bd8 39. b4 Bc7 40. b5 Bb7 41. Qb3 Qd4 42. Ne2 Qc5 43. Rb2 Bb6 44. Kh3 Qe3 45. Qxe3 Bxe3 46. Nc3 Bd4 47. Ra2 Rxa2 48. Nxa2 Kf7 49. Nc1 Ke7 50. Nb3 Kd7 51. Kg2 Kc7 52. Kg3 Kb6 53. Kg2 Bc5 54. Kg3 Be3 55. Kg2 Bc1 56. Kf1 Be3 57. Kg2 Ba8 58. Kg3 Bd4 59. Kg2 1/2-1/2

[Event "North Region-ch U12"]
[Site "Cartagena"]
[Date "2014.05.10"]
[Round "5.1"]
[White "Espitia Mercado, Alfredo"]
[Black "Salcedo Rodelo, Brayan"]
[Result "1-0"]
[WhiteElo "1443"]
[BlackElo "1490"]
[PlyCount "87"]
[EventDate "2014.05.08"]
[EventType "swiss"]
[EventRounds "6"]
[EventCountry "COL"]
[SourceTitle "EXT 2024"]
[Source "ChessBase"]
[SourceDate "2023.10.10"]
[SourceVersion "1"]
[SourceVersionDate "2023.10.10"]
[SourceQuality "1"]

1. e4 d6 2. Nf3 Nf6 3. Nc3 g6 4. Be2 Bg7 5. 0-0 0-0 6. d3 Re8 7. Re1 Bg4 8. Bd2 Bxf3 9. Bxf3 h6 10. e5 Nbd7 11. exf6 Nxf6 12. Qc1 g5 13. Ne4 Qd7 14. Nxf6+ Bxf6 15. Bc3 e5 16. h3 Bg7 17. Bg4 Qd8 18. Qd2 c5 19. Re2 b6 20. Rae1 a5 21. b3 b5 22. Bb2 Qc7 23. a3 Rab8 24. c3 f6 25. Rc1 Qb6 26. b4 axb4 27. axb4 cxb4 28. cxb4 d5 29. Bf3 Red8 30. Qe3 Qxe3 31. Rxe3 d4 32. Ree1 f5 33. Red1 Re8 34. Be2 f4 35. f3 Ra8 36. Ra1 Rab8 37. Kf2 h5 38. Rdc1 h4 39. Ra7 Ra8 40. Rca1 Rxa7 41. Rxa7 Rb8 42. Bd1 Bf6 43. Bc1 Bg7 44. Bd2 1-0

[Event "North Region-ch U12"]
[Site "Cartagena"]
[Date "2014.05.09"]
[Round "2.1"]
[White "Espitia Mercado, Alfredo"]
[Black "Bolivar Pena, Jhan Mario"]
[Result "1/2-1/2"]
[WhiteElo "1443"]
[BlackElo "1599"]
[PlyCount "143"]
[EventDate "2014.05.08"]
[EventType "swiss"]
[EventRounds "6"]
[EventCountry "COL"]
[SourceTitle "EXT 2024"]
[Source "ChessBase"]
[SourceDate "2023.10.10"]
[SourceVersion "1"]
[SourceVersionDate "2023.10.10"]
[SourceQuality "1"]

1. e4 e5 2. Nf3 Nc6 3. Bb5 d6 4. c3 Bd7 5. 0-0 Nf6 6. d3 a6 7. Ba4 b5 8. Bb3 Be7 9. Re1 Bg4 10. Nbd2 0-0 11. h3 Bh5 12. Nf1 h6 13. Ng3 Bg6 14. d4 Nh5 15. d5 Nxg3 16. fxg3 Na5 17. Bc2 Nc4 18. b3 Nb6 19. Be3 Nd7 20. Bf2 Bg5 21. Nxg5 Qxg5 22. Qc1 Qxc1 23. Raxc1 f5 24. exf5 Bxf5 25. Bxf5 Rxf5 26. Re2 Rf7 27. Rce1 Raf8 28. c4 bxc4 29. bxc4 Nb8 30. Ba7 c6 31. Bxb8 Rxb8 32. Rf1 Rxf1+ 33. Kxf1 cxd5 34. cxd5 Rb1+ 35. Kf2 Rd1 36. Re3 Rd2+ 37. Re2 Rxd5 38. Ke3 Rd4 39. Rf2 d5 40. g4 Re4+ 41. Kd3 Kh7 42. Rb2 Kg6 43. Rb6+ Kg5 44. Rxa6 Kf4 45. Ra8 Re3+ 46. Kd2 d4 47. a4 Kg3 48. a5 Kxg2 49. h4 Kg3 50. g5 Kxh4 51. gxh6 gxh6 52. a6 h5 53. a7 Ra3 54. Re8 Rxa7 55. Rxe5 Rd7 56. Kd3 Kg4 57. Re8 h4 58. Rg8+ Kh3 59. Rg6 Kh2 60. Rg8 h3 61. Rg6 Ra7 62. Kxd4 Ra3 63. Ke4 Rg3 64. Ra6 Rg2 65. Kf3 Rg3+ 66. Kf4 Rb3 67. Ra2+ Kg1 68. Ra1+ Kf2 69. Ra2+ Ke1 70. Rh2 Rd3 71. Kg4 Kf1 72. Rxh3 1/2-1/2